| 000 | 00409nam a2200145Ia 4500 | ||
|---|---|---|---|
| 008 | 230917s9999||||xx |||||||||||||| ||und|| | ||
| 040 |
_e187893 _aMAIN |
||
| 041 | _aEnglish | ||
| 082 | _a657.45 I2E | ||
| 100 | _aIndira Gandhi National Open University | ||
| 245 | 0 | _aElements of auditing (ECO-12). 4V. | |
| 260 |
_aNew Delhi _bIndira Gandhi National Open University _c2010 |
||
| 300 | _av. p. | ||
| 942 | _cBK | ||
| 999 |
_c151805 _d151805 |
||